| 000 | 00475nam a2200193Ia 4500 | ||
|---|---|---|---|
| 003 | GCL | ||
| 008 | 140319s9999 xx 000 0 eng d | ||
| 040 |
_aGCL / _cGCL |
||
| 082 | 0 | 4 |
_aCH _b428 _bS M |
| 100 | 1 | _aSAFEER | |
| 245 | 1 | 0 |
_aMY FIRST WORDS [2] / _cSAFEER |
| 260 |
_a[S.N] : _bSAFEER ، _c1988 |
||
| 490 |
_aSAFEER ENGLISH SERIES _v0 |
||
| 650 | 0 | 4 | _aENGLISH LITERATURE |
| 650 | 0 | 4 | _aCHILDREN |
| 650 | 0 | 4 | _aWRITING |
| 650 | 0 | 4 | _aENGLISH LANGUAGE |
| 942 |
_2ddc _cBK |
||
| 999 |
_c19143 _d19143 |
||